Neuer Hausswirthschafts Calender, auf das gnadenreiche Jahr, nach der heilbringenden Geburt unsers Herrn und Heylandes Jesu Christi, 1799 : ... Mit sonderbarem Fleiss nach dem pennsylvanischen und der angrenzenden Staaten Horizont und Nordhöhe berechnet. : Zum Zweytenmal herausgegeben.

Bibliographic Details
Format: eBook
Language:German
Published: Reading [Pa.] : Gedruckt und zu haben bey Gottlob Jungmann und Comp. in der deutsch- und englischen Buchdruckerey, in der Callowhill-Strasse, süd von dem Courthaus, [1798]
Series:Early American imprints. Evans (1639-1800) ; no. 34175.
Subjects:
Online Access:Evans Digital Edition

MARC

Tag First Indicator Second Indicator Subfields
LEADER 00000cam a2200000 a 4500
001 in00002139331
006 m e d #
007 cr mn mmmmabba
008 840821s1798 paua s 000 0 ger d
005 20260330213225.5
035 |z w033964 
035 |a MAAR8408213312B 
035 |9 mwa91-21159 
035 |a 341230 
035 |a aas03033964 
040 |a MWA  |c MWA  |e bdrb  |d UtOrBLW 
245 0 0 |a Neuer Hausswirthschafts Calender, auf das gnadenreiche Jahr, nach der heilbringenden Geburt unsers Herrn und Heylandes Jesu Christi, 1799 :  |b ... Mit sonderbarem Fleiss nach dem pennsylvanischen und der angrenzenden Staaten Horizont und Nordhöhe berechnet. : Zum Zweytenmal herausgegeben. 
264 1 |a Reading [Pa.] :  |b Gedruckt und zu haben bey Gottlob Jungmann und Comp. in der deutsch- und englischen Buchdruckerey, in der Callowhill-Strasse, süd von dem Courthaus,  |c [1798] 
300 |a 44 unnumbered pages :  |b illustrations ;  |c 21 cm. (quarto) 
336 |a text  |b txt  |2 rdacontent 
337 |a computer  |b c  |2 rdamedia 
338 |a online resource  |b cr  |2 rdacarrier 
500 |a Cover illustration has title: Südwestlicher Prospect von Reading. 
510 4 |a Evans  |c 34175 
510 4 |a Drake, M. Almanacs,  |c 10496 
530 |a Microform version available in the Readex Early American Imprints series. 
533 |a Electronic text and image data.  |b [Chester, Vt. :  |c Readex, a division of Newsbank, Inc.,  |d 2002-2004.  |e Includes files in TIFF, GIF and PDF formats with inclusion of keyword searchable text.  |f (Early American imprints. First series ; no. 34175). 
500 |a Electronic resource. 
651 0 |a Reading (Pa.)  |x In art. 
655 7 |a Almanacs  |z Pennsylvania  |y 1799.  |2 rbgenr 
752 |a United States  |b Pennsylvania  |d Reading. 
830 0 |a Early American imprints.  |n Series I,  |p Evans (1639-1800) ;  |v no. 34175. 
856 4 1 |u http://proxy.library.tamu.edu/login?url=https://opac.newsbank.com/select/evans/34175  |y Evans Digital Edition  |t 0 
999 |a MARS 
999 f f |s e730902b-76aa-3214-b977-70fe104426da  |i 46cb0cc0-dae1-30e0-8ef4-927975dffb7f  |t 0 
952 f f |a Texas A&M University  |b College Station  |c Electronic Resources  |s www_evans  |d Available Online  |t 0  |h No information provided 
998 f f |t 0  |l Available Online